Sharjah Art Foundation Library

وليام فوكنر في صخبه وعنفه : مجموعة دراسات نقدية/ (Record no. 6618)

MARC details
000 -LEADER
fixed length control field 01093nam a2200217Ia 4500
001 - CONTROL NUMBER
control field 6618
008 - FIXED-LENGTH DATA ELEMENTS--GENERAL INFORMATION
fixed length control field 260622s9999 xx 000 0 und d
020 ## - INTERNATIONAL STANDARD BOOK NUMBER
International Standard Book Number 9948042719
245 #0 - TITLE STATEMENT
Title وليام فوكنر في صخبه وعنفه : مجموعة دراسات نقدية/
Statement of responsibility, etc. أعداد و ترجمة: نجم عبد الله كاظم
260 ## - PUBLICATION, DISTRIBUTION, ETC.
Place of publication, distribution, etc. الشارقة؛
Name of publisher, distributor, etc. دائرة الثقافة و الأعلام؛
Date of publication, distribution, etc. 2004
300 ## - PHYSICAL DESCRIPTION
Extent 198p;
Dimensions 21x14cm
505 ## - FORMATTED CONTENTS NOTE
Formatted contents note William Faulkner in The Sound and The Fury: Collectrion of Critical Studies. By Dr. Najam Abdullah Kazem
520 ## - SUMMARY, ETC.
Summary, etc. William Faulkner, Nobel prize winning Amercan fiction writer from Mississippi, became a widely read and discussed author in the Arab World, after the translation of his story The Sound and The Fury by the Iraqi-Palestinian academic Jabra Ibrahim Jabra in the early 1960s.
546 ## - LANGUAGE NOTE
Language note Arabic
650 ## - SUBJECT ADDED ENTRY--TOPICAL TERM
Topical term or geographic name entry element PJ7501-8517 Arabic literature
650 ## - SUBJECT ADDED ENTRY--TOPICAL TERM
Topical term or geographic name entry element Translated works
9 (RLIN) 9459
651 ## - SUBJECT ADDED ENTRY--GEOGRAPHIC NAME
Geographic name USA
655 ## - INDEX TERM--GENRE/FORM
Genre/form data or focus term Fiction رواية
9 (RLIN) 9460
700 ## - ADDED ENTRY--PERSONAL NAME
Personal name Faulkner, William وليام فوكنر
9 (RLIN) 9461
942 ## - ADDED ENTRY ELEMENTS (KOHA)
Koha item type Book
Holdings
Withdrawn status Lost status Damaged status Not for loan Collection Home library Current library Date acquired Total Checkouts Full call number Barcode Date last seen Price effective from Koha item type
        Language and Literature SAF Reference Library SAF Reference Library 06/22/2026   PJ7501-8517 60.812 6618 06/22/2026 06/22/2026 Book

Copyright © 2022. Sharjah Art Foundation. All Rights Reserved.